Normal view
MARC view
Entry Personal Name
001 - CONTROL NUMBER
- control field: 24193
003 - CONTROL NUMBER IDENTIFIER
- control field: OSt
005 - DATE AND TIME OF LATEST TRANSACTION
- control field: 20210617143407.0
008 - FIXED-LENGTH DATA ELEMENTS
- fixed length control field: 210617|| aca||aabn | a|a d
040 ## - CATALOGING SOURCE
- Original cataloging agency: OSt
- Transcribing agency: OSt
100 ## - HEADING--PERSONAL NAME
- Personal name: Perdersen, Mogens J. and Nielse, Vibeke
670 ## - SOURCE DATA FOUND
- Source citation: Work cat.: (OSt)515900: Perdersen, Mogens J. and Nielse, Vibeke, Bureaucratic decision‐making: A multi‐method study of gender similarity bias and gender stereotype beliefs
